Les 150 plus grandes villes de Suisse - Statistiques

Statistiques générales
  • Ce quiz a été pris 84 fois
  • Le résultat moyen est 41 sur 150
Statistiques - réponses
Population Réponse Canton % Correct
173 552 Bâle Bâle-Ville
100%
203 840 Genève Genève
100%
427 721 Zurich Zurich
100%
134 506 Berne Berne
97%
141 418 Lausanne Vaud
96%
83 840 Lucerne Lucerne
93%
44 527 Neuchâtel Neuchâtel
93%
76 931 Saint-Gall Saint-Gall
93%
37 653 Fribourg Fribourg
87%
62 464 Lugano Tessin
87%
35 650 Sion Valais
83%
31 469 Zoug Zoug
80%
37 713 Schaffhouse Schaffhouse
76%
55 070 Bienne Berne
71%
26 230 Montreux Vaud
71%
44 270 Bellinzone Tessin
70%
16 241 Locarno Tessin
70%
116 906 Winterthour Zurich
70%
38 129 Coire Grisons
69%
22 465 Nyon Vaud
67%
16 633 Soleure Soleure
66%
36 527 La Chaux-de-Fonds Neuchâtel
64%
21 807 Aarau Argovie
63%
43 670 Thoune Berne
61%
29 827 Yverdon-les-Bains Vaud
57%
19 735 Vevey Vaud
56%
22 164 Carouge Genève
53%
20 974 Martigny Valais
53%
17 295 Sierre Valais
51%
13 642 Brigue-Glis Valais
50%
12 636 Delémont Jura
49%
17 529 Morges Vaud
49%
15 685 Schwytz Schwytz
49%
25 722 Bulle Fribourg
47%
10 932 Davos Grisons
44%
25 517 Meyrin Genève
44%
34 656 Lancy Genève
43%
36 572 Vernier Genève
43%
21 086 Renens Vaud
40%
13 664 Gland Vaud
39%
12 515 Glaris Glaris
39%
18 339 Olten Soleure
39%
18 446 Monthey Valais
37%
10 913 Aigle Vaud
36%
15 420 Liestal Bâle-Campagne
36%
28 162 Dietikon Zurich
34%
26 093 Frauenfeld Thurgovie
31%
42 409 Köniz Berne
31%
28 252 Rapperswil-Jona Saint-Gall
31%
13 337 Versoix Genève
31%
18 773 Onex Genève
30%
18 984 Pully Vaud
30%
17 643 Cham Zoug
29%
16 115 Thônex Genève
29%
10 746 Le Locle Neuchâtel
27%
24 541 Wil Saint-Gall
27%
15 744 Herisau Appenzell-Rhodes-Extérieures
26%
12 294 Prilly Vaud
26%
20 980 Kloten Zurich
24%
12 607 Le Grand-Saconnex Genève
24%
31 573 Emmen Lucerne
23%
28 983 Kriens Lucerne
23%
12 088 Plan-les-Ouates Genève
23%
10 654 Sarnen Obwald
23%
10 519 Sursee Lucerne
23%
22 849 Baden Argovie
21%
12 906 Spiez Berne
21%
13 261 Chêne-Bougeries Genève
20%
24 996 Baar Zoug
19%
12 453 Zofingue Argovie
19%
17 939 Granges Soleure
17%
12 382 La Tour-de-Peilz Vaud
17%
35 748 Uster Zurich
17%
17 917 Muttenz Bâle-Campagne
16%
16 190 Lyss Berne
14%
12 379 Pfäffikon Zurich
14%
13 624 Rheinfelden Argovie
14%
11 901 Veyrier Genève
14%
16 586 Berthoud Berne
13%
12 943 Brugg Argovie
13%
22 788 Kreuzlingen Thurgovie
13%
15 909 Mendrisio Tessin
13%
30 801 Dübendorf Zurich
11%
18 226 Gossau Zurich
11%
18 392 Thalwil Zurich
11%
12 328 Villars-sur-Glâne Fribourg
11%
13 472 Zollikon Zurich
11%
12 529 Arth Schwytz
10%
11 054 Lenzbourg Argovie
10%
21 213 Opfikon Zurich
10%
16 458 Pratteln Bâle-Campagne
10%
21 946 Riehen Bâle-Ville
10%
17 299 Wallisellen Zurich
10%
17 133 Wohlen Argovie
10%
11 578 Belp Berne
9%
10 365 Bussigny Vaud
9%
13 118 Ecublens Vaud
9%
19 428 Glaris Nord Glaris
9%
14 833 Küsnacht (Zurich) Zurich
9%
13 843 Küssnacht (Schwytz) Schwytz
9%
14 754 Meilen Zurich
9%
13 831 Uzwil Saint-Gall
9%
26 018 Wetzikon Zurich
9%
10 607 Aesch Bâle-Campagne
7%
15 459 Arbon Thurgovie
7%
23 624 Bülach Zurich
7%
14 469 Ebikon Lucerne
7%
10 446 Flawil Saint-Gall
7%
23 628 Horgen Zurich
7%
17 564 Illnau-Effretikon Zurich
7%
11 595 Ittigen Berne
7%
15 838 Langenthal Berne
7%
17 884 Ostermundigen Berne
7%
19 667 Reinach Bâle-Campagne
7%
11 556 Romanshorn Thurgovie
7%
11 893 Weinfelden Thurgovie
7%
21 654 Allschwil Bâle-Campagne
6%
14 313 Amriswil Thurgovie
6%
13 605 Buchs Saint-Gall
6%
11 576 Hinwil Zurich
6%
13 045 Münsingen Berne
6%
12 901 Rüti Zurich
6%
20 350 Schlieren Zurich
6%
12 322 Spreitenbach Argovie
6%
14 889 Stäfa Zurich
6%
25 193 Wädenswil Zurich
6%
21 094 Wettingen Argovie
6%
12 588 Affoltern am Albis Zurich
4%
16 310 Einsiedeln Schwytz
4%
15 043 Horw Lucerne
4%
10 419 Münchenbuchsee Berne
4%
11 273 Oberwil Bâle-Campagne
4%
18 739 Regensdorf Zurich
4%
11 253 Risch Zoug
4%
19 243 Adliswil Zurich
3%
12 102 Münchenstein Bâle-Campagne
3%
13 317 Muri bei Bern Berne
3%
10 893 Neuhausen am Rheinfall Schaffhouse
3%
15 020 Oftringen Argovie
3%
16 071 Steffisburg Berne
3%
10 986 Suhr Argovie
3%
19 412 Volketswil Zurich
3%
11 140 Zollikofen Berne
3%
12 278 Altstätten Saint-Gall
1%
12 062 Bassersdorf Zurich
1%
15 631 Binningen Bâle-Campagne
1%
16 711 Freienbach Schwytz
1%
11 437 Männedorf Zurich
1%
13 987 Richterswill Zurich
1%
11 231 Möhlin Argovie
0%
Aucun quiz correspondant
Distribution des résultats
% des personnes avec chaque résultat
Percentile par nombre de réponses
Votre historique - résultats
Vous n’avez pas pris ce quiz